[Event "26th 4NCL Congress"]
[Site "Woodland Grange, Leamington Spa"]
[Date "2021.09.12"]
[Round "5.3"]
[White "Wells, Peter K"]
[Black "Tiruchirapalli, Venkataramanan"]
[Result "1/2-1/2"]
[WhiteElo "2428"]
[BlackElo "2328"]
[PlyCount "0"]
[EventDate "2021.09.10"]

1. Nf3 {[%clk 01:27:01]} {[%emt 00:03:58]} Nf6 {[%clk 01:30:48]} {[%emt
00:00:13]} 2. c4 {[%clk 01:27:19]} {[%emt 00:00:12]} e6 {[%clk 01:31:05]}
{[%emt 00:00:12]} 3. g3 {[%clk 01:27:36]} {[%emt 00:00:13]} d5 {[%clk
01:31:20]} {[%emt 00:00:15]} 4. Bg2 {[%clk 01:27:58]} {[%emt 00:00:08]} Be7
{[%clk 01:31:36]} {[%emt 00:00:14]} 5. O-O {[%clk 01:27:48]} {[%emt 00:00:40]}
O-O {[%clk 01:31:59]} {[%emt 00:00:07]} 6. d4 {[%clk 01:27:54]} {[%emt
00:00:24]} dxc4 {[%clk 01:32:23]} {[%emt 00:00:07]} 7. Qc2 {[%clk 01:27:47]}
{[%emt 00:00:36]} a6 {[%clk 01:32:38]} {[%emt 00:00:16]} 8. Qxc4 {[%clk
01:27:39]} {[%emt 00:00:38]} b5 {[%clk 01:33:00]} {[%emt 00:00:08]} 9. Qc2
{[%clk 01:28:02]} {[%emt 00:00:06]} Bb7 {[%clk 01:33:13]} {[%emt 00:00:17]} 10.
Bd2 {[%clk 01:27:04]} {[%emt 00:01:29]} Ra7 {[%clk 01:32:08]} {[%emt 00:01:35]}
11. Bg5 {[%clk 01:02:05]} {[%emt 00:25:28]} Nbd7 {[%clk 01:24:25]} {[%emt
00:08:13]} 12. Bxf6 {[%clk 01:00:56]} {[%emt 00:01:40]} Nxf6 {[%clk 01:23:23]}
{[%emt 00:01:32]} 13. Nbd2 {[%clk 01:01:01]} {[%emt 00:00:24]} Qa8 {[%clk
01:17:37]} {[%emt 00:06:16]} 14. Nb3 {[%clk 00:57:59]} {[%emt 00:03:33]} Be4
{[%clk 01:09:44]} {[%emt 00:08:23]} 15. Qc3 {[%clk 00:51:51]} {[%emt 00:06:38]}
Nd5 {[%clk 01:08:33]} {[%emt 00:01:41]} 16. Qc1 {[%clk 00:50:08]} {[%emt
00:02:13]} c5 {[%clk 01:02:25]} {[%emt 00:06:38]} 17. Nxc5 {[%clk 00:44:42]}
{[%emt 00:05:56]} Rc8 {[%clk 01:01:59]} {[%emt 00:00:54]} 18. a3 {[%clk
00:37:13]} {[%emt 00:08:00]} e5 {[%clk 01:00:20]} {[%emt 00:02:09]} 19. Bh3
{[%clk 00:28:04]} {[%emt 00:09:39]} Bxf3 {[%clk 00:53:05]} {[%emt 00:07:45]} 20.
Bxc8 {[%clk 00:18:59]} {[%emt 00:09:36]} Bxe2 {[%clk 00:48:37]} {[%emt
00:04:56]} 21. Re1 {[%clk 00:17:21]} {[%emt 00:02:08]} Bf3 {[%clk 00:45:35]}
{[%emt 00:03:32]} 22. Bh3 {[%clk 00:16:43]} {[%emt 00:01:08]} exd4 {[%clk
00:44:45]} {[%emt 00:01:20]} 23. Qc2 {[%clk 00:13:26]} {[%emt 00:03:48]} Nf6
{[%clk 00:39:24]} {[%emt 00:05:50]} 24. Nd7 {[%clk 00:09:06]} {[%emt 00:04:51]}
Qd8 {[%clk 00:32:08]} {[%emt 00:07:44]} 25. Nxf6+ {[%clk 00:08:55]} {[%emt
00:00:43]} Bxf6 {[%clk 00:32:01]} {[%emt 00:00:37]} 26. Rac1 {[%clk 00:08:34]}
{[%emt 00:00:51]} Bg5 {[%clk 00:26:20]} {[%emt 00:06:10]} 27. Qf5 {[%clk
00:00:50]} {[%emt 00:08:15]} Bxc1 {[%clk 00:25:29]} {[%emt 00:01:20]} 28. Rxc1
{[%clk 00:00:50]} {[%emt 00:00:31]} Bb7 {[%clk 00:24:17]} {[%emt 00:01:40]} 29.
Bg2 {[%clk 00:00:37]} {[%emt 00:00:44]} g6 {[%clk 00:18:55]} {[%emt 00:05:52]}
30. Qc5 {[%clk 00:00:54]} {[%emt 00:00:14]} Bxg2 {[%clk 00:17:38]} {[%emt
00:01:47]} 31. Qxa7 {[%clk 00:01:21]} {[%emt 00:00:03]} Bf3 {[%clk 00:16:55]}
{[%emt 00:01:10]} 32. Qc5 {[%clk 00:00:37]} {[%emt 00:01:16]} Qf6 {[%clk
00:15:56]} {[%emt 00:01:29]} 33. Qb4 {[%clk 00:00:36]} {[%emt 00:00:33]} Bb7
{[%clk 00:12:56]} {[%emt 00:03:29]} 34. Rc7 {[%clk 00:00:37]} {[%emt 00:00:29]}
Qf3 {[%clk 00:12:47]} {[%emt 00:00:38]} 35. Rxb7 {[%clk 00:00:45]} {[%emt
00:00:22]} Qxb7 {[%clk 00:13:04]} {[%emt 00:00:13]} 36. Qxd4 {[%clk 00:01:13]}
{[%emt 00:00:03]} Qc6 {[%clk 00:13:24]} {[%emt 00:00:10]} 1/2-1/2

[Event "26th 4NCL Congress"]
[Site "Woodland Grange, Leamington Spa"]
[Date "2021.09.12"]
[Round "5.4"]
[White "Ledger, Andrew J"]
[Black "Finn, Peter"]
[Result "1-0"]
[WhiteElo "2373"]
[BlackElo "2111"]
[PlyCount "0"]
[EventDate "2021.09.10"]

1. d4 {[%clk 01:30:56]} {[%emt 00:00:02]} Nf6 {[%clk 01:30:55]} {[%emt
00:00:06]} 2. c4 {[%clk 01:31:22]} {[%emt 00:00:04]} e6 {[%clk 01:31:22]}
{[%emt 00:00:04]} 3. Nf3 {[%clk 01:31:32]} {[%emt 00:00:21]} Bb4+ {[%clk
01:31:39]} {[%emt 00:00:11]} 4. Nbd2 {[%clk 01:31:30]} {[%emt 00:00:33]} d6
{[%clk 01:31:45]} {[%emt 00:00:24]} 5. a3 {[%clk 01:29:33]} {[%emt 00:02:27]}
Bxd2+ {[%clk 01:32:05]} {[%emt 00:00:09]} 6. Bxd2 {[%clk 01:28:11]} {[%emt
00:01:52]} Nbd7 {[%clk 01:28:44]} {[%emt 00:03:51]} 7. g3 {[%clk 01:26:08]}
{[%emt 00:02:33]} O-O {[%clk 01:28:19]} {[%emt 00:00:56]} 8. Bg2 {[%clk
01:24:43]} {[%emt 00:01:55]} e5 {[%clk 01:28:30]} {[%emt 00:00:19]} 9. O-O
{[%clk 01:24:12]} {[%emt 00:01:00]} e4 {[%clk 01:28:09]} {[%emt 00:00:52]} 10.
Ne1 {[%clk 01:20:30]} {[%emt 00:04:12]} d5 {[%clk 01:26:59]} {[%emt 00:01:39]}
11. c5 {[%clk 01:07:43]} {[%emt 00:13:17]} Re8 {[%clk 01:17:23]} {[%emt
00:10:07]} 12. Qa4 {[%emt 00:12:39]} Nf8 {[%clk 01:14:08]} {[%emt 00:03:12]} 13.
Bg5 {[%clk 00:54:03]} {[%emt 00:02:34]} Bg4 {[%clk 01:11:32]} {[%emt 00:03:06]}
14. f3 {[%clk 00:52:14]} {[%emt 00:02:19]} exf3 {[%clk 01:11:13]} {[%emt
00:00:49]} 15. exf3 {[%clk 00:50:45]} {[%emt 00:01:58]} Bf5 {[%clk 01:10:29]}
{[%emt 00:01:14]} 16. Qb3 {[%clk 00:49:34]} {[%emt 00:01:42]} Ne6 {[%clk
01:09:58]} {[%emt 00:01:00]} 17. Be3 {[%clk 00:49:34]} {[%emt 00:00:30]} b6
{[%clk 01:08:03]} {[%emt 00:02:26]} 18. Bf2 {[%clk 00:42:01]} {[%emt 00:08:02]}
bxc5 {[%clk 01:06:28]} {[%emt 00:02:06]} 19. dxc5 {[%clk 00:42:24]} {[%emt
00:00:08]} Rb8 {[%clk 01:06:33]} {[%emt 00:00:23]} 20. Qa2 {[%clk 00:39:25]}
{[%emt 00:03:29]} d4 {[%clk 01:05:51]} {[%emt 00:01:12]} 21. Rd1 {[%clk
00:26:47]} {[%emt 00:13:09]} d3 {[%clk 01:03:17]} {[%emt 00:03:05]} 22. b4
{[%clk 00:24:38]} {[%emt 00:02:38]} Qd7 {[%clk 00:49:46]} {[%emt 00:14:00]} 23.
c6 {[%clk 00:14:14]} {[%emt 00:10:54]} Qd6 {[%clk 00:49:41]} {[%emt 00:00:35]}
24. Bxa7 {[%clk 00:13:54]} {[%emt 00:00:51]} Rbd8 {[%clk 00:49:10]} {[%emt
00:01:01]} 25. Rf2 {[%clk 00:13:19]} {[%emt 00:01:06]} Nd4 {[%clk 00:41:10]}
{[%emt 00:08:29]} 26. Bf1 {[%clk 00:07:21]} {[%emt 00:06:28]} Qxc6 {[%clk
00:32:27]} {[%emt 00:09:13]} 27. Bxd4 {[%clk 00:05:23]} {[%emt 00:02:28]} Rxd4
{[%clk 00:32:50]} {[%emt 00:00:06]} 28. Nxd3 {[%clk 00:03:21]} {[%emt
00:02:32]} Qd6 {[%clk 00:32:24]} {[%emt 00:00:56]} 29. Rfd2 {[%clk 00:02:33]}
{[%emt 00:01:18]} Rd8 {[%clk 00:32:34]} {[%emt 00:00:20]} 30. Kf2 {[%clk
00:01:17]} {[%emt 00:01:47]} g5 {[%clk 00:31:13]} {[%emt 00:01:50]} 31. Ke1
{[%clk 00:01:20]} {[%emt 00:00:27]} Qe7+ {[%clk 00:24:20]} {[%emt 00:07:23]} 32.
Re2 {[%clk 00:01:22]} {[%emt 00:00:29]} Qd6 {[%clk 00:24:02]} {[%emt 00:00:48]}
33. Red2 {[%clk 00:01:49]} {[%emt 00:00:03]} Re8+ {[%clk 00:22:45]} {[%emt
00:01:47]} 34. Kf2 {[%clk 00:01:46]} {[%emt 00:00:33]} Nd5 {[%clk 00:22:48]}
{[%emt 00:00:27]} 35. Qb3 {[%clk 00:00:45]} {[%emt 00:01:31]} Nb6 {[%clk
00:20:48]} {[%emt 00:02:30]} 36. Qc3 {[%clk 00:00:55]} {[%emt 00:00:20]} Rd8
{[%clk 00:20:32]} {[%emt 00:00:45]} 37. Qc5 {[%clk 00:00:45]} {[%emt 00:00:41]}
Qxc5 {[%clk 00:14:55]} {[%emt 00:06:06]} 38. bxc5 {[%clk 00:01:13]} {[%emt
00:00:02]} Nc4 {[%clk 00:15:19]} {[%emt 00:00:07]} 39. Rc2 {[%clk 00:01:38]}
{[%emt 00:00:05]} Ne5 {[%clk 00:15:09]} {[%emt 00:00:40]} 40. Nxe5 {[%clk
00:01:59]} {[%emt 00:00:09]} Bxc2 {[%clk 00:14:21]} {[%emt 00:01:18]} 41. Rxd4
{[%clk 00:01:13]} {[%emt 00:01:17]} Rxd4 {[%clk 00:14:45]} {[%emt 00:00:04]} 42.
Bc4 {[%clk 00:01:29]} {[%emt 00:00:14]} Bg6 {[%clk 00:15:03]} {[%emt 00:00:12]}
43. Ke3 {[%clk 00:01:55]} {[%emt 00:00:05]} Rd1 {[%clk 00:15:08]} {[%emt
00:00:24]} 44. a4 {[%clk 00:01:37]} {[%emt 00:00:48]} Ra1 {[%clk 00:15:04]}
{[%emt 00:00:34]} 45. Nxg6 {[%clk 00:00:46]} {[%emt 00:01:21]} hxg6 {[%clk
00:15:28]} {[%emt 00:00:07]} 46. Bb5 {[%clk 00:01:12]} {[%emt 00:00:04]} Ra3+
{[%clk 00:14:30]} {[%emt 00:01:28]} 47. Ke4 {[%clk 00:01:07]} {[%emt 00:00:35]}
f5+ {[%clk 00:14:40]} {[%emt 00:00:20]} 48. Kd5 {[%clk 00:01:33]} {[%emt
00:00:04]} Rxf3 {[%clk 00:12:48]} {[%emt 00:02:22]} 49. Kc6 {[%clk 00:01:51]}
{[%emt 00:00:12]} Kf7 {[%clk 00:02:15]} {[%emt 00:11:03]} 50. a5 {[%clk
00:01:28]} {[%emt 00:00:53]} Ra3 {[%clk 00:01:27]} {[%emt 00:01:18]} 51. a6
{[%clk 00:01:53]} {[%emt 00:00:05]} f4 {[%clk 00:00:34]} {[%emt 00:01:23]} 52.
Kxc7 {[%clk 00:01:03]} {[%emt 00:01:20]} Ke7 {[%clk 00:00:32]} {[%emt
00:00:32]} 53. c6 {[%clk 00:00:54]} {[%emt 00:00:39]} f3 {[%clk 00:00:32]}
{[%emt 00:00:30]} 54. Kb6 {[%clk 00:00:43]} {[%emt 00:00:41]} Rb3 {[%clk
00:00:35]} {[%emt 00:00:27]} 55. c7 {[%clk 00:00:44]} {[%emt 00:00:28]} f2
{[%clk 00:00:35]} {[%emt 00:00:30]} 56. c8=Q {[%clk 00:01:10]} {[%emt
00:00:04]} f1=Q {[%emt 00:00:36]} 57. Qc5+ {[%clk 00:00:51]} {[%emt 00:00:48]}
Kf6 {[%clk 00:00:31]} {[%emt 00:00:31]} 58. Qf8 {[%clk 00:01:12]} {[%emt
00:00:08]} 1-0

[Event "26th 4NCL Congress"]
[Site "Woodland Grange, Leamington Spa"]
[Date "2021.09.12"]
[Round "5.5"]
[White "Makkar, Rajat"]
[Black "Clarke, James"]
[Result "1-0"]
[WhiteElo "2300"]
[BlackElo "1833"]
[PlyCount "0"]
[EventDate "2021.09.10"]

1. d4 {[%clk 01:30:54]} {[%emt 00:00:04]} Nf6 {[%clk 01:30:54]} {[%emt
00:00:06]} 2. c4 {[%clk 01:31:11]} {[%emt 00:00:13]} g6 {[%clk 01:31:19]}
{[%emt 00:00:05]} 3. g3 {[%clk 01:31:37]} {[%emt 00:00:04]} c6 {[%clk
01:31:42]} {[%emt 00:00:06]} 4. Bg2 {[%clk 01:32:01]} {[%emt 00:00:06]} d5
{[%clk 01:32:08]} {[%emt 00:00:05]} 5. Qa4 {[%clk 01:32:27]} {[%emt 00:00:05]}
Nfd7 {[%clk 01:32:12]} {[%emt 00:00:26]} 6. cxd5 {[%clk 01:32:48]} {[%emt
00:00:08]} Nb6 {[%clk 01:32:29]} {[%emt 00:00:13]} 7. Qd1 {[%clk 01:32:24]}
{[%emt 00:00:54]} cxd5 {[%clk 01:32:15]} {[%emt 00:00:44]} 8. Nc3 {[%clk
01:32:30]} {[%emt 00:00:24]} Bg7 {[%clk 01:30:53]} {[%emt 00:01:52]} 9. Nh3
{[%clk 01:31:01]} {[%emt 00:01:59]} Nc6 {[%clk 01:30:04]} {[%emt 00:01:19]} 10.
e3 {[%clk 01:30:52]} {[%emt 00:00:39]} a5 {[%clk 01:24:44]} {[%emt 00:05:50]}
11. Nf4 {[%clk 01:29:01]} {[%emt 00:02:21]} e6 {[%clk 01:24:53]} {[%emt
00:00:21]} 12. a4 {[%clk 01:25:07]} {[%emt 00:04:24]} Nb4 {[%clk 01:22:48]}
{[%emt 00:02:35]} 13. O-O {[%clk 01:16:08]} {[%emt 00:09:29]} Nc4 {[%clk
01:21:38]} {[%emt 00:01:39]} 14. b3 {[%clk 01:15:39]} {[%emt 00:01:00]} Nd6
{[%clk 01:22:03]} {[%emt 00:00:05]} 15. Ba3 {[%clk 01:15:14]} {[%emt 00:00:55]}
Qb6 {[%clk 01:15:13]} {[%emt 00:07:20]} 16. Bxb4 {[%clk 01:13:42]} {[%emt
00:02:03]} axb4 {[%clk 01:14:35]} {[%emt 00:01:08]} 17. Na2 {[%clk 01:13:02]}
{[%emt 00:01:09]} Bf8 {[%clk 01:12:59]} {[%emt 00:02:06]} 18. Nd3 {[%clk
01:11:13]} {[%emt 00:02:19]} Ne4 {[%clk 01:13:13]} {[%emt 00:00:16]} 19. Rc1
{[%clk 01:10:43]} {[%emt 00:00:59]} Bd6 {[%clk 01:10:24]} {[%emt 00:03:20]} 20.
f3 {[%clk 01:08:00]} {[%emt 00:03:13]} Nf6 {[%clk 01:10:12]} {[%emt 00:00:42]}
21. Qd2 {[%clk 01:07:30]} {[%emt 00:00:59]} h5 {[%clk 01:08:01]} {[%emt
00:02:42]} 22. Naxb4 {[%clk 01:04:59]} {[%emt 00:03:01]} h4 {[%clk 01:07:58]}
{[%emt 00:00:33]} 23. g4 {[%clk 01:04:54]} {[%emt 00:00:35]} h3 {[%clk
01:05:53]} {[%emt 00:02:34]} 24. Bh1 {[%clk 01:05:04]} {[%emt 00:00:19]} Kf8
{[%clk 01:05:36]} {[%emt 00:00:49]} 25. Nc5 {[%clk 01:02:36]} {[%emt 00:02:58]}
Qa5 {[%clk 01:05:27]} {[%emt 00:00:39]} 26. e4 {[%clk 00:58:23]} {[%emt
00:04:43]} dxe4 {[%clk 01:04:44]} {[%emt 00:01:13]} 27. fxe4 {[%clk 00:57:06]}
{[%emt 00:01:47]} Nxg4 {[%clk 01:03:03]} {[%emt 00:02:10]} 28. e5 {[%clk
00:56:11]} {[%emt 00:01:25]} Nxe5 {[%clk 01:00:57]} {[%emt 00:02:37]} 29. Qf2
{[%clk 00:54:23]} {[%emt 00:02:17]} Qxb4 {[%clk 01:00:15]} {[%emt 00:01:12]} 30.
Nd3 {[%clk 00:54:25]} {[%emt 00:00:28]} Rh5 {[%clk 00:52:48]} {[%emt 00:07:57]}
31. Be4 {[%clk 00:45:17]} {[%emt 00:09:37]} Qb6 {[%clk 00:47:58]} {[%emt
00:05:21]} 32. Nxe5 {[%clk 00:45:04]} {[%emt 00:00:42]} Rg5+ {[%clk 00:48:17]}
{[%emt 00:00:11]} 33. Kh1 {[%clk 00:45:26]} {[%emt 00:00:09]} f5 {[%clk
00:48:39]} {[%emt 00:00:07]} 34. Rxc8+ {[%clk 00:45:42]} {[%emt 00:00:15]} Rxc8
{[%clk 00:47:54]} {[%emt 00:01:14]} 35. Nd7+ {[%clk 00:46:03]} {[%emt
00:00:09]} Ke8 {[%emt 00:03:49]} 1-0

[Event "26th 4NCL Congress"]
[Site "Woodland Grange, Leamington Spa"]
[Date "2021.09.12"]
[Round "5.6"]
[White "Kett, Timothy J"]
[Black "Gordon, Frederick"]
[Result "1-0"]
[WhiteElo "2264"]
[BlackElo "1456"]
[PlyCount "0"]
[EventDate "2021.09.10"]

1. e4 {[%clk 01:27:09]} {[%emt 00:03:47]} c5 {[%clk 01:30:55]} {[%emt
00:00:06]} 2. Nf3 {[%clk 01:26:53]} {[%emt 00:00:45]} g6 {[%clk 01:31:20]}
{[%emt 00:00:06]} 3. d4 {[%clk 01:26:24]} {[%emt 00:00:59]} cxd4 {[%clk
01:31:46]} {[%emt 00:00:04]} 4. Nxd4 {[%clk 01:26:49]} {[%emt 00:00:04]} Nc6
{[%clk 01:32:09]} {[%emt 00:00:08]} 5. Nc3 {[%clk 01:26:40]} {[%emt 00:00:39]}
Bg7 {[%clk 01:32:35]} {[%emt 00:00:05]} 6. Be3 {[%clk 01:27:04]} {[%emt
00:00:04]} Nf6 {[%clk 01:32:59]} {[%emt 00:00:07]} 7. Bc4 {[%clk 01:27:13]}
{[%emt 00:00:20]} O-O {[%clk 01:33:23]} {[%emt 00:00:07]} 8. Bb3 {[%clk
01:25:59]} {[%emt 00:01:43]} d6 {[%clk 01:33:48]} {[%emt 00:00:06]} 9. f3
{[%clk 01:26:07]} {[%emt 00:00:21]} Bd7 {[%clk 01:34:13]} {[%emt 00:00:06]} 10.
Qd2 {[%clk 01:26:20]} {[%emt 00:00:16]} Nxd4 {[%clk 01:34:38]} {[%emt
00:00:06]} 11. Bxd4 {[%clk 01:26:34]} {[%emt 00:00:15]} b5 {[%clk 01:35:00]}
{[%emt 00:00:08]} 12. h4 {[%clk 01:09:35]} {[%emt 00:17:29]} e6 {[%clk
01:29:01]} {[%emt 00:06:29]} 13. h5 {[%clk 01:06:32]} {[%emt 00:03:33]} a5
{[%clk 01:29:08]} {[%emt 00:00:24]} 14. a4 {[%clk 00:59:25]} {[%emt 00:07:36]}
b4 {[%clk 01:26:33]} {[%emt 00:03:06]} 15. Ne2 {[%clk 00:58:46]} {[%emt
00:01:09]} e5 {[%clk 01:26:37]} {[%emt 00:00:26]} 16. Be3 {[%clk 00:58:34]}
{[%emt 00:00:41]} Nxh5 {[%clk 01:26:33]} {[%emt 00:00:35]} 17. O-O-O {[%clk
00:55:41]} {[%emt 00:03:22]} Qe8 {[%clk 01:22:40]} {[%emt 00:04:24]} 18. Bh6
{[%clk 00:47:29]} {[%emt 00:08:41]} Bxa4 {[%clk 01:19:17]} {[%emt 00:03:54]} 19.
Rxh5 {[%clk 00:44:28]} {[%emt 00:03:30]} Bxb3 {[%clk 01:17:52]} {[%emt
00:01:56]} 20. Bxg7 {[%clk 00:43:26]} {[%emt 00:01:31]} Qa4 {[%clk 01:17:46]}
{[%emt 00:00:37]} 21. Qh6 {[%clk 00:41:26]} {[%emt 00:02:30]} gxh5 {[%clk
01:18:00]} {[%emt 00:00:17]} 22. Bf6 {[%clk 00:41:21]} {[%emt 00:00:34]} 1-0

[Event "26th 4NCL Congress"]
[Site "Woodland Grange, Leamington Spa"]
[Date "2021.09.12"]
[Round "5.7"]
[White "Han, Yichen"]
[Black "Starley, Robert"]
[Result "1-0"]
[WhiteElo "2402"]
[BlackElo "2161"]
[PlyCount "0"]
[EventDate "2021.09.10"]

1. e4 {[%clk 01:29:52]} {[%emt 00:01:06]} e5 {[%clk 01:30:57]} {[%emt
00:00:05]} 2. Nf3 {[%clk 01:30:13]} {[%emt 00:00:08]} Nc6 {[%clk 01:31:23]}
{[%emt 00:00:05]} 3. Bc4 {[%clk 01:30:32]} {[%emt 00:00:11]} Bc5 {[%clk
01:31:43]} {[%emt 00:00:10]} 4. c3 {[%clk 01:30:49]} {[%emt 00:00:12]} Nf6
{[%clk 01:32:10]} {[%emt 00:00:04]} 5. d3 {[%clk 01:31:04]} {[%emt 00:00:14]}
d6 {[%clk 01:32:20]} {[%emt 00:00:21]} 6. Nbd2 {[%clk 01:31:23]} {[%emt
00:00:10]} O-O {[%clk 01:31:48]} {[%emt 00:01:03]} 7. Bb3 {[%clk 01:31:09]}
{[%emt 00:00:44]} a6 {[%clk 01:31:18]} {[%emt 00:01:01]} 8. Nf1 {[%clk
01:30:38]} {[%emt 00:00:59]} Bb6 {[%clk 01:31:12]} {[%emt 00:00:37]} 9. h3
{[%clk 01:30:23]} {[%emt 00:00:45]} Be6 {[%clk 01:30:38]} {[%emt 00:01:05]} 10.
Ng3 {[%clk 01:28:56]} {[%emt 00:01:56]} Re8 {[%clk 01:26:44]} {[%emt 00:04:24]}
11. O-O {[%clk 01:29:03]} {[%emt 00:00:22]} h6 {[%clk 01:26:12]} {[%emt
00:01:03]} 12. Ba4 {[%clk 01:23:31]} {[%emt 00:06:03]} Bd7 {[%clk 01:25:47]}
{[%emt 00:00:54]} 13. Re1 {[%clk 01:22:24]} {[%emt 00:01:36]} Ne7 {[%clk
01:24:00]} {[%emt 00:02:18]} 14. Bxd7 {[%clk 01:17:13]} {[%emt 00:05:41]} Qxd7
{[%clk 01:24:21]} {[%emt 00:00:08]} 15. Nh4 {[%clk 01:17:27]} {[%emt 00:00:17]}
Rad8 {[%clk 01:23:53]} {[%emt 00:00:58]} 16. Qf3 {[%clk 01:16:39]} {[%emt
00:01:17]} Qe6 {[%clk 01:22:51]} {[%emt 00:01:33]} 17. Nhf5 {[%clk 01:13:14]}
{[%emt 00:03:55]} Nxf5 {[%clk 01:21:01]} {[%emt 00:02:20]} 18. Nxf5 {[%clk
01:13:31]} {[%emt 00:00:13]} d5 {[%clk 01:17:15]} {[%emt 00:04:16]} 19. Bxh6
{[%clk 01:07:00]} {[%emt 00:07:00]} Nxe4 {[%clk 01:11:55]} {[%emt 00:05:51]} 20.
dxe4 {[%clk 01:04:05]} {[%emt 00:03:25]} gxh6 {[%clk 01:11:48]} {[%emt
00:00:36]} 21. Rad1 {[%clk 00:52:52]} {[%emt 00:11:44]} dxe4 {[%clk 01:09:49]}
{[%emt 00:02:29]} 22. Qg4+ {[%clk 00:52:20]} {[%emt 00:01:02]} Qg6 {[%clk
01:09:52]} {[%emt 00:00:28]} 23. Rxd8 {[%clk 00:52:34]} {[%emt 00:00:15]} Rxd8
{[%clk 01:09:19]} {[%emt 00:01:04]} 24. Ne7+ {[%emt 00:00:39]} 1-0